<?xml version="1.0" encoding="UTF-8"?>
<record
    xmlns:xsi="http://www.w3.org/2001/XMLSchema-instance"
    xsi:schemaLocation="http://www.loc.gov/MARC21/slim http://www.loc.gov/standards/marcxml/schema/MARC21slim.xsd"
    xmlns="http://www.loc.gov/MARC21/slim">

  <leader>00576nam a2200193   4500</leader>
  <controlfield tag="001">37878</controlfield>
  <controlfield tag="003">BD-RjUL</controlfield>
  <controlfield tag="005">20211209052700.0</controlfield>
  <controlfield tag="008">150805b        bg ||||| |||| 00| 0 beg d</controlfield>
  <datafield tag="035" ind1=" " ind2=" ">
    <subfield code="a">(BD-RjUL)37983</subfield>
  </datafield>
  <datafield tag="040" ind1=" " ind2=" ">
    <subfield code="a">BD-RjUL</subfield>
    <subfield code="b">eng</subfield>
    <subfield code="c">BD-RjUL</subfield>
  </datafield>
  <datafield tag="041" ind1=" " ind2=" ">
    <subfield code="a">eng</subfield>
  </datafield>
  <datafield tag="082" ind1=" " ind2=" ">
    <subfield code="2">16</subfield>
    <subfield code="a">079.5492</subfield>
    <subfield code="b">BHO</subfield>
  </datafield>
  <datafield tag="245" ind1=" " ind2=" ">
    <subfield code="a">&#x9AD;&#x9CB;&#x9B0;&#x9C7;&#x9B0; &#x995;&#x9BE;&#x997;&#x99C;  (Bhorer Kagoj)/</subfield>
    <subfield code="c">&#x9B6;&#x9CD;&#x9AF;&#x9BE;&#x9AE;&#x9B2; &#x9A6;&#x9A4;&#x9CD;&#x9A4;</subfield>
  </datafield>
  <datafield tag="260" ind1=" " ind2=" ">
    <subfield code="a">Dhaka :</subfield>
    <subfield code="b">Saber Hossain Choudhury,</subfield>
  </datafield>
  <datafield tag="650" ind1=" " ind2=" ">
    <subfield code="a">Daily Newspaper</subfield>
    <subfield code="z">Bangladesh</subfield>
    <subfield code="9">117503</subfield>
  </datafield>
  <datafield tag="700" ind1=" " ind2=" ">
    <subfield code="a">&#x9A6;&#x9A4;&#x9CD;&#x9A4;, &#x9B6;&#x9CD;&#x9AF;&#x9BE;&#x9AE;&#x9B2;</subfield>
    <subfield code="9">117807</subfield>
  </datafield>
  <datafield tag="942" ind1=" " ind2=" ">
    <subfield code="2">ddc</subfield>
    <subfield code="c">NP</subfield>
  </datafield>
  <datafield tag="999" ind1=" " ind2=" ">
    <subfield code="c">37878</subfield>
    <subfield code="d">37878</subfield>
  </datafield>
  <datafield tag="952" ind1=" " ind2=" ">
    <subfield code="0">0</subfield>
    <subfield code="1">0</subfield>
    <subfield code="2">ddc</subfield>
    <subfield code="4">0</subfield>
    <subfield code="7">1</subfield>
    <subfield code="a">RUCL</subfield>
    <subfield code="b">RUCL</subfield>
    <subfield code="c">NP</subfield>
    <subfield code="d">2015-08-08</subfield>
    <subfield code="h">V.1, July 1992- August 1992</subfield>
    <subfield code="l">0</subfield>
    <subfield code="o">P 079.5492 BHO V.1 July 1992- August 1992</subfield>
    <subfield code="r">2015-08-08 00:00:00</subfield>
    <subfield code="t">C.1</subfield>
    <subfield code="w">2015-08-08</subfield>
    <subfield code="y">NP</subfield>
  </datafield>
</record>
